00776nam a2200205 a 450000100100000000500170001000800410002702000150006804000250008308200160010810000410012424501720016525000110033726000430034830000280039149000420041970000290046170000380049083000420052800001985220200929170150.0100708s1990 ck a r 000 0 spa d a9586074757 aDO-SdBNPbspacBNPHU axxxxbR696c1 aRodríguez Coelho, María Josefina10aComunidad creativa :bdinámicas para hacer divirtiéndose /cMaría Josefina Rodríguez Coelho , Manuel De Souza Santos ; traducción María Antonieta Vilelgas. a2a ed. aBogotá :bEdiciones Paulinas,c1990. a127 p. :bil. ;c21 cm.1 aColección dinámica grupal ;vno.51 aSouza Santos, Manuel De,1 aVillegas, María Antonieta,etr. 0aColección dinámica grupal ;nno.5